Shoulder girdle muscles - Statistics

General Stats
  • This quiz has been taken 16 times
  • The average score is 5 of 9
Answer Stats
Hint Answer % Correct
Protraction & upwards rotation Serratus anterior
100%
Elevation, weak downwards rotation Levator scapulae
75%
Protraction of scapula Pectoralis minor
75%
Depression of shoulder girdle, weak downwards rotation Inferior trapezius
50%
Retraction of scapula Middle trapezius
50%
Retraction, downwards rotation, stabilises position of scapula Rhomboids major
50%
Retraction, downwards rotation, stabilises position of scapula Rhomboids minor
50%
Elevation of shoulder girdle, weak upwards rotation Superior trapezius
50%
Depression of clavicle, stabilises clavicle when GHJ moves Subclavius
25%
No matching quizzes found
Score Distribution
Percent of People with Each Score
Percentile by Number Answered
Your Score History
You have not taken this quiz